000 00617nam a2200241Ia 4500
003 OSt
005 20221005125045.0
006 a|||||r|||| 00| 0
007 ta
008 221004b |||||||| |||| 00| 0 mal d
024 _a54673
037 _cTextual
040 _aCRL
_cCRL
_bmal
041 _2mal
_amal
082 _aO32,1N24,4, J8
100 _aP. Bhaskaran Au.
245 0 _aOrikkyal koodi
260 _c1958
650 _a MALAYALAM POETRY
_9185636
650 _aMALAYALAM LITERATURE
_938866
942 _hO32,1N24,4, J8
_cTEXL
_2cc
999 _c1052561
_d1052561